000 00497nam a2200205 i 4500
001 bgj
100 1 _aMACBAIN, Carol.
245 1 0 _aHeartbreak Hill /
_cCarol Macbain.
260 _aNew York :
_bBantam Books,
_c1987.
300 _a185 pp ;
_c18 cm.
490 1 _aSweet Dreams
650 9 _aFiction in English
830 _aSweet Dreams
020 _a0553261959
040 _cBPK
041 0 _aeng
920 _a0-553-26195-9
942 _cKS
008 s uk f |000 0 eng
999 _c48523
_d48523
856 _uhttp://koha.tu.koszalin.pl/cgi-bin/koha/opac-detail.pl?biblionumber=48523
_yKatalog online BPK